000 01194nam a2200253 a 4500
001 79834
003 BD-RjUL
005 20220523122019.0
008 220523s1988 bg a|||| |||| 00| 0 ben d
035 _a(BD-RjUL)79834
040 _aBD-RjUL
_bben
_cBD-RjUL
_dBD-RjUL
041 _aben
082 _223
_a541
_bPAS 1988
100 _aপাল, সুভাষ চন্দ্র
_9127184
245 1 0 _aস্নাতক ভৌত রসায়ন = Degree Physical Chemistry :
_bস্নাতক পাস ও সম্মান শ্রেণীর জন্য /
_cসুভাষ চন্দ্র পাল, পরিতোষ কুমার চক্রবর্তী
250 _a৭ম সং.
260 _aঢাকা :
_bবাংলাদেশ বুক করপোরেশন,
_c১৯৮৮,
300 _aখণ্ড :
_bচিত্র ;
_c২২ সেমি.
505 0 1 _aখণ্ড. ১ম ও ২য় খণ্ড একত্রে
650 _aPhysical chemistry
_9127185
650 _aশারীরিক রসায়ন
_9127186
700 _aচক্রবর্তী, পরিতোষ কুমার
_93134
942 _2ddc
_cBK
999 _c79834
_d79834